000 00633cam a22002293a 4500
001 9390
003 PGUSA
005 20140828083211.0
008 051101s2005||||xxu|||||s|||||000 | eng d
040 _aPGUSA
_beng
042 _adc
050 4 _aHQ
100 1 _aRoberts, Fflorens
245 1 0 _aFifteen Years with the Outcast
_h[electronic resource] /
_cFflorens Roberts
260 _bProject Gutenberg,
_c2005
506 _aPublic domain in the USA.
516 _aElectronic text
653 _aProstitution -- California
830 0 _aProject Gutenberg
_v9390
856 4 0 _uhttp://www.gutenberg.org/ebooks/9390
942 _cEB
999 _c238646
_d238646